| 000 | 01146nac a22003497a 4500 | ||
|---|---|---|---|
| 001 | BR2010000727 | ||
| 003 | BR-BrBNA | ||
| 005 | 20240105123805.0 | ||
| 008 | 230509b bl.|||m| |||| 00| 0 por d | ||
| 040 |
_aBR-BrBNA _bpor _cBiblioteca Nacional de Agricultura |
||
| 072 | _aL10 | ||
| 090 | _a5214 BR2010000727 | ||
| 100 | 1 | _aPeixoto, M.G.C.D. | |
| 100 | 1 | _aVerneque, R. da S. | |
| 100 | 1 | _aPenna, V.M. | |
| 100 | 1 | _aPereira, M.C. | |
| 100 | 1 | _aMachado, C.H.C. | |
| 100 | 1 | _aMachado, M.A. | |
| 100 | 1 | _aLôbo, R.B. | |
| 100 | 1 | _aCarvalho, M.R.S. | |
| 110 | 1 | _aEMBRAPA Gado de Leite, Juiz de Fora, MG (Brasil) | |
| 245 | 1 | _aPrograma Nacional de Melhoramento do Guzerá para Leite: resultados do teste de progênie, do arquivo zootécnico nacional e do núcleo MOET | |
| 260 | 3 |
_aJuiz de Fora, MG (Brasil): _c2009. |
|
| 300 | _a54 p. | ||
| 490 |
_aDocumentos - EMBRAPA Gado de Leite (Brazil) _vno. 132 _xISSN 1516-7453 |
||
| 500 | _a13 illus.; 10 tables | ||
| 650 | _aGADO LEITEIRO | ||
| 650 | _aGADO GUZERÁ | ||
| 650 | _aTESTE DE PROGÊNIE | ||
| 909 |
_a202312 _bLúcia Elande _c55 _dLúcia Elande |
||
| 942 |
_2AGRIS _n0 _cMS |
||
| 999 |
_c297009 _d297009 |
||